Streets Wont Forget 6 (random footballers) - Statistics

General Stats
  • This quiz has been taken 29 times
  • The average score is 10 of 16
Answer Stats
Picture Answer % Correct
Maroune Fellaini
96%
Arda Turan
83%
Eder
79%
Kostas Manolas
79%
Quincy Promes
79%
Alberto Moreno
75%
Victor Moses
75%
Bernard
67%
Kevin Gameiro
67%
Odion Ighalo
67%
Salvatore Sirigu
63%
Joao Mario
58%
Jeremy Menez
38%
Marlos
33%
Miguel Layun
13%
Gabriel Mercado
8%
No matching quizzes found
Score Distribution
Percent of People with Each Score
Percentile by Number Answered
Your Score History
You have not taken this quiz